000 00622nam a22001817a 4500
005 20251108165416.0
008 250721s1992 xx 000 0 ara d
082 1 4 _aم/213.63/قرط
100 1 _aالقرطبي، أبو العباس أحمد بن عمر بن إبراهيم
245 1 0 _aالتذكرة في أحوال الموتى و أمور الأخرة /
264 1 _aالقاهرة :
_bدار الحديث،
_c1992.
300 _a596ص
650 1 7 _aالإسلام
650 1 7 _aالحيث الشريف
700 1 _aالصبابطي، عصام الدين
_eتحقيق
942 _2ddc
_cREF
999 _c27214
_d27214